Načítá se...
Basic humanphysioloogy: normal function and mechanisms of disease
| Hlavní autor: | |
|---|---|
| Médium: | Printed Book |
| Jazyk: | Undetermined English |
| Vydáno: |
philadelphia
W B Saunders Company
1977
|
| Vydání: | 2 |
| Témata: |
| LEADER | 00602nam a2200181Ia 4500 | ||
|---|---|---|---|
| 008 | 140306s9999 xx 000 0 und d | ||
| 041 | |a eng | ||
| 082 | |a 001 |b GUY/BA | ||
| 100 | |a Guyton, A C | ||
| 245 | |a Basic humanphysioloogy: normal function and mechanisms of disease | ||
| 250 | |a 2 | ||
| 260 | |a philadelphia |b W B Saunders Company |c 1977 | ||
| 300 | |a 931 | ||
| 650 | |a Genetic Control | ||
| 650 | |a Protein synthesis | ||
| 942 | |2 ddc |c BK | ||
| 999 | |c 119134 |d 119134 | ||
| 952 | |0 0 |1 0 |2 ddc |4 0 |6 001_000000000000000_GUYBA |7 0 |9 118217 |a KAUHCV |b KAUHCV |d 2004-05-05 |o 001 GUY/BA |p KAU_HCV-5208 |r 2014-03-22 |w 2014-03-22 |y BK | ||